Top 10 American Countries with lowest Annual Precipitation - Statistics

General Stats
  • This quiz has been taken 16 times
  • The average score is 8 of 10
Answer Stats
mm Country % Correct
537 Canada
100%
758 Mexico
100%
715 United States
100%
1330 Uruguay
94%
591 Argentina
88%
1146 Bolivia
88%
1130 Paraguay
88%
1335 Cuba
75%
1292 Bahamas
63%
1030 Antigua and Barbuda
50%
No matching quizzes found
Score Distribution
Percent of People with Each Score
Percentile by Number Answered
Your Score History
You have not taken this quiz